000 00925nam a2200205 i 4500
001 142210
003 ES-MaACL
005 20230906200453.0
007 t|
008 071003m19431948ag ||||1| spa d
100 1 _aWindelband, Wilhelm.
_9117063
245 1 0 _aHistoria de la filosofía /
_cWilhelm Windelband ; versión española e índices analíticos por Francisco Larroyo.
250 _a2ª ed.
260 _aArgentina :
_bLibrería Robredo,
_c1943-1948.
300 _a7 v. ;
_c24 cm.
505 8 _aContiene: V. 1. La filosofía de los griegos -- v. 2. La filosofía helenístico-romana -- v. 3. La filosofía de la Edad Media -- v. 4. La filosofía del Renacimiento -- v. 5. La filosofía del iluminismo -- v. 6. El idealismo alemán -- v. 7-8. La filosofía en los siglos XIX y XX
650 4 _aFilosofía-
_vHistoria.
_9158248
700 1 _aLarroyo, Francisco.
_970364
852 _aES-MaACL
_jD-7201-07
_bR.26702
999 _c142210
_d142210